A kubán kozák kórus hangversenye

Elmentve itt :
Bibliográfiai részletek
Szerző: Lengyel Vilma
Dokumentumtípus: Cikk
Megjelent: 1927-04-27
Sorozat:Délmagyarország 3 No. 96
Kulcsszavak:Ignatieff Semion, Jaroff Serge Alexis, Kórus kozák hangverseny, Zenei élet hangverseny Szeged 1927, zeneélet
Online Access:http://dmarchiv.bibl.u-szeged.hu/75880
LEADER 00549nab a2200157 i 4500
001 delm75880
005 20180928084404.0
008 180928s1927 hu o 0|| hun d
040 |a SZTE Délmagyarország Archívum  |b hun 
041 |a hun 
100 1 |a Lengyel Vilma 
245 1 2 |a A kubán kozák kórus hangversenye  |h [elektronikus dokumentum] /  |c  Lengyel Vilma 
260 |c 1927-04-27 
300 |a 7 
490 0 |a Délmagyarország  |v 3 No. 96 
695 |a Ignatieff Semion, Jaroff Serge Alexis, Kórus kozák hangverseny, Zenei élet hangverseny Szeged 1927, zeneélet